00366 2200145 4500001002100000005001500021035002000036245004500056100001900101260004400120082000800164084001400172020002200186990001200208INLIS00000000000291620250911021720 a0010-09250002631 aYuk, Saling Menghargai /cYugha Erlangga0 aYugha Erlangga aJakarta :bEsensi Erlangga Group,c2017 a300 a300 YUG y a978-602-6847-46-1 a0755321